000 01340cai a22002295a 4500
001 L140974
008 070424u2007 xxkad f s 000 0 eng d
035 _a(Sirsi) u140974
041 0 _aeng
050 0 4 _a333.33 $2 18
110 2 _aSavills
_92020
245 0 0 _aSavills UK commercial development activity PMI
_bOctober 2007
_h[electronic resource]
260 _aLondon
_bSavills
_c2007
490 0 _aSavills UK Commercial Development Activity PMI
_vOctober 2007
520 _aReports a small increase in overall activity during September. However, the rate of expansion remained weaker than the average for the first half of 2007. The number of respondents who reported an increase in total activity was down 5.4% from August, well below the average recorded in the first six months of the year (+18.6%). Reports further growth of private sector construction, especially for new build projects, but the rate of expansion was less than the survey average. Work on public sector construction projects fell for the first time since January.
590 _aKA
650 2 4 _aSAVILLS UK COMMERCIAL DEVELOPMENT ACTIVITY PMI
651 4 _aEngland and Wales
_y1543-
690 _aPROPERTY-COMMERCIAL PROPERTY-COMMERCIAL PROPERTY MARKET
856 4 0 _uhttps://www.savills.com/
_zView the item free of charge at www.savills.com...
942 _n0
999 _c107587
_d107587